Statistics for Eurovision Song Lyrics - Norway

Click here to take the quiz!

General Stats

  • This quiz has been taken 31 times
  • The average score is 307 of 401

Answer Stats

Answer% Correct
(I
100%
I
100%
a
96%
Ba
93%
Banana
93%
(Banana)
93%
banana
93%
eats
93%
Give
93%
give
93%
grandma
93%
that
93%
That
93%
wolf
93%
you
93%
na
89%
so
89%
And
85%
before
85%
Keith
85%
my
85%
call
81%
name
81%
will
81%
your
78%
like
74%
Not
74%
teeth
74%
the
74%
to
74%
but
70%
have
70%
I'm
70%
of
70%
really
70%
sure
70%
Yum
70%
yum
70%
yum)
70%
don't
67%
Jim
67%
Someone
63%
underneath
63%
hairy
59%
Oh
59%
drippin'
56%
If
56%
know
56%
nothing
56%
on
56%
told
56%
with
56%
been
52%
blood
52%
chin
52%
coat
52%
go
52%
in
52%
Is
52%
saliva
52%
yours
52%
best
48%
breath
48%
going
48%
now
48%
or
48%
where
48%
you're
48%
danger
44%
Let's
44%
ooh
44%
scent
44%
See
44%
tastes
44%
want
44%
you've
44%
every
41%
meal
41%
off
41%
grandma's
37%
guess
37%
hunger
33%
say
30%
I'ma
26%

Score Distribution

Percentile by Number Answered

Percent of People with Each Score

Your Score History

You have not taken this quiz